Integral bases /
Guardado en:
| Autor Principal: | |
|---|---|
| Formato: | Libro |
| Idioma: | English |
| Publicado: |
New York :
Stechert-Hafner Service Agency,
1964.
|
| Series: | Cambridge tracts in mathematics and mathematical physics ;
no. 22 |
| Materias: | |
| Etiquetas: |
Agregar Etiqueta
Sin Etiquetas, Sea el primero en etiquetar este registro!
|
| LEADER | 00754cam a22002175a 4500 | ||
|---|---|---|---|
| 001 | MAT.inmabb005152 | ||
| 008 | 741218r19641927nyu######b####000#0#eng## | ||
| 005 | 20170823161606.0 | ||
| 245 | 1 | 0 | |a Integral bases / |c by W. E. H. Berwick. |
| 260 | |a New York : |b Stechert-Hafner Service Agency, |c 1964. | ||
| 300 | |a 95 p. ; |c 22 cm. | ||
| 440 | 0 | |a Cambridge tracts in mathematics and mathematical physics ; |v no. 22 | |
| 500 | |a Publicado originalmente: Cambridge Univ. Press, 1927. | ||
| 504 | |a Bibliografía: p. 94-95. | ||
| 510 | 4 | |a MR, |c 32 #2404 | |
| 100 | 1 | |a Berwick, William Edward Hodgson, |d 1888- | |
| 084 | |a 12.00 |a 11-XX |2 msc2000 | ||
| 650 | 0 | |a Number theory. | |
| 010 | |a 64020387 | ||
| 040 | |a DLC |c MBNU |d Uk |d DLC | ||
| 859 | |h 12 |i B553 |p A-2790 |b BIB. MATEMATICA | ||
